Advanced Engineering Mathematics / (Record no. 586109)
[ view plain ]
| 000 -LEADER | |
|---|---|
| fixed length control field | 01935cam a2200349 i 4500 |
| 001 - CONTROL NUMBER | |
| control field | 21527685 |
| 003 - CONTROL NUMBER IDENTIFIER | |
| control field | NUST |
| 005 - DATE AND TIME OF LATEST TRANSACTION | |
| control field | 20210805125000.0 |
| 008 - FIXED-LENGTH DATA ELEMENTS--GENERAL INFORMATION | |
| fixed length control field | 200512s2022 mau 001 0 eng |
| 010 ## - LIBRARY OF CONGRESS CONTROL NUMBER | |
| LC control number | 2020022145 |
| 020 ## - INTERNATIONAL STANDARD BOOK NUMBER | |
| International Standard Book Number | 9781284240771 |
| Qualifying information | (hardcover) |
| 038 ## - RECORD CONTENT LICENSOR | |
| Staff Name | Asim Zubair |
| 040 ## - CATALOGING SOURCE | |
| Original cataloging agency | DLC |
| Language of cataloging | eng |
| Transcribing agency | DLC |
| Description conventions | rda |
| Modifying agency | DLC |
| 042 ## - AUTHENTICATION CODE | |
| Authentication code | pcc |
| 050 00 - LIBRARY OF CONGRESS CALL NUMBER | |
| Classification number | TA330 |
| Item number | .Z55 2022 |
| 082 00 - DEWEY DECIMAL CLASSIFICATION NUMBER | |
| Classification number | 620.00151 |
| Edition number | 23 |
| Author Mark | ZIL |
| 100 1# - MAIN ENTRY--PERSONAL NAME | |
| Personal name | Zill, Dennis G., |
| Dates associated with a name | 1940- |
| 9 (RLIN) | 4603 |
| 245 10 - TITLE STATEMENT | |
| Title | Advanced Engineering Mathematics / |
| Statement of responsibility, etc. | Dennis G. Zill. |
| 250 ## - EDITION STATEMENT | |
| Edition statement | Seventh edition. |
| 264 #1 - PRODUCTION, PUBLICATION, DISTRIBUTION, MANUFACTURE, AND COPYRIGHT NOTICE | |
| Place of production, publication, distribution, manufacture | Burlington, MA , |
| Name of producer, publisher, distributor, manufacturer | Jones & Bartlett Learning, |
| Date of production, publication, distribution, manufacture, or copyright notice | 2022. |
| 300 ## - PHYSICAL DESCRIPTION | |
| Extent | 954 pages ; |
| Dimensions | 29 cm |
| 336 ## - CONTENT TYPE | |
| Content type term | text |
| Content type code | txt |
| Source | rdacontent |
| 337 ## - MEDIA TYPE | |
| Media type term | unmediated |
| Media type code | n |
| Source | rdamedia |
| 338 ## - CARRIER TYPE | |
| Carrier type term | volume |
| Carrier type code | nc |
| Source | rdacarrier |
| 500 ## - GENERAL NOTE | |
| General note | Includes index. |
| 520 ## - SUMMARY, ETC. | |
| Summary, etc. | "Modern and comprehensive, the new seventh edition of award-winning author, Dennis G. Zill's Advanced Engineering Mathematics is a compendium of topics that are most often covered in courses in engineering mathematics, and is extremely flexible to meet the unique needs of courses ranging from ordinary differential equations, to vector calculus, to partial differential equations. A key strength of this best-selling text is the author's emphasis on differential equations as mathematical models, discussing the constructs and pitfalls of each. An accessible writing style and robust pedagogical aids guide students through difficult concepts with thoughtful explanations, clear examples, interesting applications, and contributed project problems"-- |
| Assigning source | Provided by publisher. |
| 563 ## - BINDING INFORMATION | |
| Binding note | Paperback |
| 650 #0 - SUBJECT ADDED ENTRY--TOPICAL TERM | |
| Topical term or geographic name entry element | Engineering mathematics. |
| 9 (RLIN) | 2310 |
| 906 ## - LOCAL DATA ELEMENT F, LDF (RLIN) | |
| a | 7 |
| b | cbc |
| c | orignew |
| d | 1 |
| e | ecip |
| f | 20 |
| g | y-gencatlg |
| 942 ## - ADDED ENTRY ELEMENTS (KOHA) | |
| Source of classification or shelving scheme | |
| Koha item type | Book |
| Withdrawn status | Lost status | Source of classification or shelving scheme | Damaged status | Not for loan | Permanent Location | Current Location | Shelving location | Date acquired | Total Checkouts | Total Renewals | Full call number | Barcode | Checked out | Date last seen | Date last checked out | Price effective from | Koha item type |
|---|---|---|---|---|---|---|---|---|---|---|---|---|---|---|---|---|---|
| School of Mechanical & Manufacturing Engineering (SMME) | School of Mechanical & Manufacturing Engineering (SMME) | General Stacks | 08/05/2021 | 3 | 3 | 620.00151 ZIL | SMME-3619 | 04/09/2026 | 01/19/2026 | 01/19/2026 | 08/05/2021 | Book |
